000 00733nam a2200193Ia 4500
005 20240530110927.0
008 140319s2006 ua 000 0 ara d
040 _aGCL /
_cGCL
082 0 4 _a347.01\
_bع ن
100 0 _aعبدالله خليل
245 1 2 _aالنيابة العامة وكيل عن المجتمع ام تابع للسلطة التنفيذية /
_cعبدالله خليل
250 _aط. 1
260 _aالقاهرة :
_bمركز القاهرة لدراسات حقوق الانسان ،
_c2006
300 _a191 ص. ؛
_c24 سم.
490 0 _aسلسلة قضايا الاصلاح ؛
_v11
650 0 4 _aالنيابة العامة
942 _2ddc
_cBK
999 _c66594
_d66594